[Event "Napoli Spring Cup 1st"]
[Site "Napoli"]
[Date "2017.03.23"]
[Round "3"]
[White "Caporali, Dante"]
[Black "Gatto, Lucio"]
[Result "0-1"]
[WhiteElo "1668"]
[BlackElo "2071"]
[PlyCount "82"]
[EventDate "2017.03.09"]
[EventType "swiss"]
[EventRounds "6"]
[EventCountry "ITA"]
[SourceTitle "EXT 2018"]
[Source "ChessBase"]
[SourceDate "2017.10.13"]
[SourceVersion "1"]
[SourceVersionDate "2017.10.13"]
[SourceQuality "1"]

1. d4 d5 2. c4 e6 3. Nc3 c6 4. Nf3 Nf6 5. Bg5 Be7 6. e3 Nbd7 7. Bd3 dxc4 8. Bxc4 Nd5 9. Bxe7 Qxe7 10. Rc1 0-0 11. 0-0 Nxc3 12. Rxc3 e5 13. dxe5 Nxe5 14. Nxe5 Qxe5 15. Re1 Be6 16. Bxe6 Qxe6 17. a3 Rfd8 18. Qc2 Rd5 19. Rd1 Rad8 20. Rcd3 h5 21. Rxd5 Rxd5 22. Rxd5 Qxd5 23. h3 c5 24. Kf1 b5 25. Ke2 c4 26. g3 g6 27. h4 Kf8 28. Qc3 Ke7 29. f3 Kd7 30. e4 Qd6 31. f4 Qe6 32. Qd4+ Kc6 33. Kf2 Kb7 34. e5 a5 35. Kf3 Qc6+ 36. Qe4 b4 37. axb4 a4 38. Qxc6+ Kxc6 39. Ke4 c3 40. Kd3 cxb2 41. Kc2 a3 0-1

[Event "Napoli Autunno Vomero op-B"]
[Site "Napoli"]
[Date "2016.09.19"]
[Round "3"]
[White "Caporali, Dante"]
[Black "Esposito, Marco"]
[Result "0-1"]
[WhiteElo "1667"]
[BlackElo "1440"]
[PlyCount "58"]
[EventDate "2016.09.08"]
[EventType "swiss"]
[EventRounds "7"]
[EventCountry "ITA"]
[SourceTitle "EXT 2018"]
[Source "ChessBase"]
[SourceDate "2017.10.13"]
[SourceVersion "1"]
[SourceVersionDate "2017.10.13"]
[SourceQuality "1"]

1. d4 e6 2. c4 c5 3. d5 Qc7 4. Nc3 a6 5. Nf3 b6 6. e4 d6 7. Be2 Nd7 8. 0-0 Be7 9. Be3 h6 10. Qd2 Bb7 11. h3 Ngf6 12. Rfd1 g5 13. Nh2 0-0-0 14. Ng4 Nxg4 15. Bxg4 h5 16. Be2 Rdg8 17. f3 Ne5 18. f4 gxf4 19. Bxf4 exd5 20. Bxe5 dxe5 21. Nxd5 Bg5 22. Nxc7 Bxd2 23. Bf3 Be3+ 24. Kf1 Kxc7 25. Ke2 Bd4 26. Rab1 h4 27. Bg4 Bxe4 28. Rxd4 cxd4 29. Rf1 f5 0-1

[Event "Napoli Antica Scuola 1st"]
[Site "Napoli"]
[Date "2013.03.21"]
[Round "5"]
[White "Caporali, Dante"]
[Black "Gonzini, Gianmaria"]
[Result "0-1"]
[WhiteElo "1729"]
[BlackElo "1984"]
[PlyCount "72"]
[EventDate "2013.02.21"]
[EventType "swiss"]
[EventRounds "7"]
[EventCountry "ITA"]
[SourceTitle "EXT 2014"]
[Source "ChessBase"]
[SourceDate "2013.11.20"]
[SourceVersion "1"]
[SourceVersionDate "2013.11.20"]
[SourceQuality "1"]

1. d4 e6 2. c4 b6 3. Nc3 Bb7 4. e3 Nf6 5. Nf3 Bb4 6. Bd3 Bxc3+ 7. bxc3 0-0 8. 0-0 d6 9. Re1 Nbd7 10. e4 e5 11. Bg5 Re8 12. Qc2 Qe7 13. h3 Qf8 14. Bxf6 Nxf6 15. Rad1 Nd7 16. Nd2 g6 17. Qb1 a5 18. a4 Bc6 19. Bc2 Qg7 20. d5 Bb7 21. Nb3 Ba6 22. Bd3 Rf8 23. Qc2 f6 24. Qe2 Rf7 25. f3 f5 26. Rf1 f4 27. Qf2 Qh6 28. Kh2 Bc8 29. Rg1 Nf6 30. Nc1 Bd7 31. Bc2 Raf8 32. Ne2 Kh8 33. Rdf1 g5 34. Qe1 g4 35. fxg4 Nxg4+ 36. Kh1 Ne3 0-1

[Event "Napoli Sociale-ch"]
[Site "Napoli"]
[Date "2012.07.05"]
[Round "6"]
[White "Caporali, Dante"]
[Black "Esposito, Rosario"]
[Result "0-1"]
[WhiteElo "1706"]
[BlackElo "1854"]
[PlyCount "50"]
[EventDate "2012.05.31"]
[EventType "swiss"]
[EventRounds "7"]
[EventCountry "ITA"]
[SourceTitle "EXT 2018"]
[Source "ChessBase"]
[SourceDate "2017.10.13"]
[SourceVersion "1"]
[SourceVersionDate "2017.10.13"]
[SourceQuality "1"]

1. d4 Nf6 2. c4 e5 3. dxe5 Ng4 4. Nf3 Nc6 5. Nc3 Ngxe5 6. Nxe5 Nxe5 7. e3 Bc5 8. Be2 0-0 9. 0-0 Re8 10. b3 a5 11. Bb2 Ra6 12. Qc2 Rh6 13. Ne4 Qh4 14. h3 d6 15. Ng3 Bxh3 16. Qe4 Nf3+ 17. Bxf3 Rxe4 18. Rfe1 Bf5 19. Kf1 Bg6 20. Ke2 Qe7 21. Nxe4 Bxe4 22. Red1 Bxf3+ 23. gxf3 Bxe3 24. fxe3 Rh2+ 25. Kd3 Rxb2 0-1

[Event "Napoli Parthenope op 4th"]
[Site "Napoli"]
[Date "2012.04.19"]
[Round "4"]
[White "Avolio, Giovanni"]
[Black "Caporali, Dante"]
[Result "1/2-1/2"]
[WhiteElo "1905"]
[BlackElo "1706"]
[PlyCount "102"]
[EventDate "2012.03.22"]
[EventType "swiss"]
[EventRounds "7"]
[EventCountry "ITA"]
[SourceTitle "EXT 2018"]
[Source "ChessBase"]
[SourceDate "2017.10.13"]
[SourceVersion "1"]
[SourceVersionDate "2017.10.13"]
[SourceQuality "1"]

1. c4 e5 2. Nc3 Nc6 3. g3 g6 4. Bg2 Bg7 5. Nf3 d6 6. 0-0 Nf6 7. d3 0-0 8. h3 Bd7 9. Be3 Re8 10. Qd2 Rb8 11. Rab1 a6 12. d4 exd4 13. Nxd4 Nxd4 14. Bxd4 Qc8 15. Kh2 Be6 16. Nd5 Nxd5 17. cxd5 Bd7 18. Bxg7 Kxg7 19. Rbc1 f6 20. e3 Re7 21. Rc3 b5 22. b4 f5 23. Rfc1 Be8 24. Qd4+ Kg8 25. Qa7 Qb7 26. Qd4 Bf7 27. f3 Qxd5 28. Qxd5 Bxd5 29. g4 fxg4 30. hxg4 Rbe8 31. e4 Bxa2 32. Ra1 Bc4 33. Rxa6 Kg7 34. Kg3 h6 35. f4 Kf6 36. e5+ Kf7 37. Bc6 Rd8 38. Be4 dxe5 39. Bxg6+ Kg7 40. f5 Red7 41. Re3 Rd3 42. Ra3 e4 43. Kf4 Rxa3 44. Rxa3 Rd3 45. Ra7 Rd7 46. Kxe4 Bd3+ 47. Ke5 Re7+ 48. Kd5 Be2 49. Bh5 Bc4+ 50. Kd4 Rd7+ 51. Kc5 Re7 1/2-1/2